00250nam a2200097Ia 4500008004100000100001500041245003500056260003200091300000900123650002000132190216s9999||||xx |||||||||||||| ||und|| aMukundan M 0a"Ee Lokam, Athiloru Manushyan" bPoorna Pubs Kozhikodec1989 a267p aMalayalam Novel